Honey, This Mirror Isn't Big Enough for the Two of Us - MCR - Statistics

General Stats
  • This quiz has been taken 4 times
  • The average score is 289 of 401
Answer Stats
Answer % Correct
a
100%
booze
100%
find
100%
hard
100%
i
100%
I
100%
in
100%
it
100%
let
100%
me
100%
pills
100%
say
100%
the
100%
to
100%
words
100%
you
100%
amount
75%
and
75%
baby
75%
counteracts
75%
im
75%
not
75%
of
75%
oh
75%
out
75%
out)
75%
stay
75%
taking
75%
vanity
75%
we're
75%
(we're
75%
were
75%
(were
75%
with
75%
working
75%
again
50%
all
50%
breaking
50%
brother
50%
can
50%
cant
50%
care
50%
cry
50%
dont
50%
drinking
50%
friends
50%
fuck
50%
how
50%
invest
50%
ive
50%
keep
50%
lets
50%
like
50%
make
50%
making
50%
mean
50%
much
50%
my
50%
never
50%
taken
50%
that
50%
this
50%
time
50%
want
50%
wont
50%
yourself
50%
ay-ay-ay-ay-ay
25%
beauty
25%
because
25%
by
25%
choices
25%
choose
25%
faking
25%
from
25%
get
25%
heard
25%
hope
25%
ill
25%
its
25%
life
25%
little
25%
live
25%
mind
25%
mistaken
25%
news
25%
seen
25%
shaken
25%
times
25%
touch
25%
waking
25%
well
25%
yeah
25%
working out)
0%
No matching quizzes found
Score Distribution
Percent of People with Each Score
Percentile by Number Answered
Your Score History
You have not taken this quiz